| 000 | 00347nam a2200133Ia 4500 | ||
|---|---|---|---|
| 008 | 230312s9999||||xx |||||||||||||| ||und|| | ||
| 082 |
_a621.3 _bSCH-G |
||
| 100 | _aSchultz,Mitchel E. | ||
| 245 | 0 | _aGrob's Basic Electronics | |
| 300 | _a1119 | ||
| 546 | _aEng. | ||
| 650 |
_aEngineering _vIntroduction to Powers of 10 2 , Electricity |
||
| 942 | _cBK | ||
| 999 |
_c1503 _d1503 |
||